00784 2200205 4500001002100000005001500021035002000036245006000056100002100116250001700137300002800154260003100182082000800213084001400221020002200235650001500257600001400272520026600286500002600552INLIS00000000000002220240319062940 a0010-03240000221 aPrincess Avita :bPecinta Vitamin A /cDyah Umi Permana0 aDyah Umi Permana acetakan ke-1 a40 hlm :bilus ;c24 cm aSolo :bTiga Ananda,c2018 a813 a813 DYA p a978-602-366-401-6 4aFiksi Anak 4aBuku Anak aPrincess Avita mahir memasak sumber-sumber vitamin A menjadi makanan super lezat. Suatu hari, ia menjumpai anak yang kekurangan vitamin A. Akan tetapi, rupanya anak itu tidak suka makanan yang banyak mengandung vitamin A. Apa yang akan dilakukan Princess Avita? aSeri Princess Vitamin